Estatísticas para Sete Categorias - Ciências I

Clique aqui para jogar o quiz

Estatísticas Gerais

  • Esse quiz foi jogado 64 vezes
  • A pontuação média é 7 de 20

Estatísticas das Respostas

QuestãoResposta% Correto
Que matemático determinou a fórmula que nos permite determinar as soluções das equações de 2° grau completas?Bhaskara
67%
O leite, sardinhas e brócolos são excelentes fontes alimentares ricas em que mineral, o mais abundante no corpo humano, armazenado principalmente nos ossos?Cálcio
65%
Que processo de desgaste do solo ou das rochas provocado pela ação da água ou do vento?Erosão
65%
As duas luas de que planeta do Sistema Solar foram descobertas e nomeadas em 1877 pelo astrónomo americano Asaph Hall?Marte
62%
Em qual das camadas atmosféricas se localiza a camada de ozono?Estratosfera
56%
Que nome se dá à fase quente de alterações significativas na distribuição da temperatura da superfície da água do Oceano Pacífico que provoca grandes alterações climáticas?El Ninõ
46%
Que substância é espalhada nas estradas para evitar a formação de gelo e aumentar a segurança rodoviária? Trata-se de uma aplicação prática do fenómeno de abaixamento crioscópico, em que a adição de um soluto a um solvente provoca a diminuição do seu ponto de congelação.Sal
46%
Que cientista dá nome às três leis que descrevem o movimento planetário?Johannes Kepler
42%
Que tipo de ondas é utilizado pela tecnologia Wi-Fi?Ondas de Rádio
38%
Que raça de cães foi originalmente criada para ajudar a salvar os viajantes nos Alpes suíços e italianos? Diz-se que o pequeno barril que carregam leva brandy para aquecer as vítimas.São Bernardo
29%
Arabica e Robusta são as duas principais espécies de que planta?Café
23%
Que fluido circulatório existente nos animais vertebrados é composto essencialmente por glóbulos brancos, plaquetas, plasma, nutrientes, cloreto de sódio e gases (oxigénio e dióxido de carbono)?Linfa
21%
Que aparelho, criado e aperfeiçoado entre 1913 e 1928 por dois físicos alemães, serve para medir radiações ionizantes?Contador Geiger
19%
Que elemento com número atómico de 33 é detetado pelo teste de Marsh?Arsénio
17%
Como se denominam todas as pedras preciosas de coríndio mineral que são de qualquer cor menos vermelho?Safira
17%
A que cientista se deve a teoria das placas tectónicas?Alfred Wegener
13%
Com apenas 18-24g e envergadura de 22cm, o Patagonas gigas é a maior espécie de que família de aves?Colibri
12%
Que flor da família das Papaveraceae é cultivada para ornamento, ópio ou comida?Papoila
12%
Que nome se dá à mudança de estado físico do gasoso para o plasma?Ionização
10%
Que grandeza física é medida em unidades cgs como Poise?Viscosidade
6%

Distribuição das Pontuações

Percentil de Números Respondidos

Porcentagem de Pessoas com Cada Pontuação

Sua Pontuação Histórica

Você não jogou esse quiz